Central Library OPAC University of Rajshahi

Marketing research : (Record no. 16045)

MARC details
000 -LEADER
fixed length control field 00877pam a2200277 a 4500
001 - CONTROL NUMBER
control field 16045
003 - CONTROL NUMBER IDENTIFIER
rucl marc code BD-RjUL
005 - DATE AND TIME OF LATEST TRANSACTION
control field 20211208235936.0
008 - FIXED-LENGTH DATA ELEMENTS--GENERAL INFORMATION
fixed length control field 140211s1982 enk b 001 0 eng d
020 ## - INTERNATIONAL STANDARD BOOK NUMBER
International Standard Book Number 0471100811 :
035 ## - SYSTEM CONTROL NUMBER
System control number (BD-RjUL) 16100
040 ## - CATALOGING SOURCE
Original cataloging agency DLC
Transcribing agency DLC
Modifying agency DLC
-- BD-RjUL
Language of cataloging eng
041 ## - LANGUAGE CODE
Language code of text/sound track or separate title eng
082 00 - DEWEY DECIMAL CLASSIFICATION NUMBER
Classification number 658.83
Edition number 19
Author mark and year MAR 1982
245 00 - TITLE STATEMENT
Title Marketing research :
Remainder of title applications and problems /
Statement of responsibility, etc. edited by Arun K. Jain, Christian Pinson, Brian T. Ratchford.
260 ## - PUBLICATION, DISTRIBUTION, ETC. (IMPRINT)
Place of publication, distribution, etc. Chichester ;
-- New York :
Name of publisher, distributor, etc. Wiley,
Date of publication, distribution, etc. c1982.
300 ## - PHYSICAL DESCRIPTION
Pagination xiv, 555 p. ;
Size 24 cm.
504 ## - BIBLIOGRAPHY, ETC. NOTE
Bibliography, etc Includes bibliographies and index.
650 #0 - SUBJECT ADDED ENTRY--TOPICAL TERM
Topical term or geographic name as entry element Marketing research.
9 (RLIN) 49678
700 1# - ADDED ENTRY--PERSONAL NAME
Personal name Jain, Arun K.,
Personal name Pinson, Christian R. A.
Personal name Ratchford, Brian T.
942 ## - ADDED ENTRY ELEMENTS (KOHA)
Source of classification or shelving scheme Dewey Decimal Classification
Koha item type Books
Holdings
Lost status Source of classification or shelving scheme Damaged status Not for loan Collection code Permanent Location Current Location Shelving location Date acquired Source of acquisition Cost, normal purchase price Total Checkouts Full call number Date last seen Copy number Koha item type
  Dewey Decimal Classification   Not For Loan Non-fiction Central Library, University of Rajshahi Central Library, University of Rajshahi   24/04/1984 Toppan and co. 25.60   658.83 MAR 1982 11/02/2014 C-1 Books
  Dewey Decimal Classification     Non-fiction Central Library, University of Rajshahi Central Library, University of Rajshahi   24/04/1984 Tuppan cor. 45.10   658.83 MAR 1982 17/01/2017 C-2 Books
  Dewey Decimal Classification     Non-fiction Central Library, University of Rajshahi Central Library, University of Rajshahi   24/04/1984 Toppan co. 45.10   658.83 MAR 1982 04/11/2019 C-3 Books